LEADER 01509nam0-2200361---450 001 990005577090203316 005 20190403124915.0 035 $a000557709 035 $aUSA01000557709 035 $a(ALEPH)000557709USA01 035 $a000557709 100 $a19981214d1983----|||y0itaa50------ba 101 $ager 102 $ade 105 $a0 00||| 200 1 $a<> Selbstbehauptung der deutschen Universität$eRede, gehalten bei der feierlichen Ubernahme des Rektorats der Universität Freiburg i. Br. am 27.5.1933. Das Rektorat 1933/34$eTatsachen und Gedanken$fMartin Heidegger 210 $aFrankfurt am Main$cVittorio Klostermann$d1983 215 $a43 p.$d21 cm. 451 $1001000564566$1010$a88-701-8076-x$1101$aita$1102$ait$12001$a<> autoaffermazione dell'università tedesca$aIl rettorato$e1933-34$fMartin Heidegger$ga cura di Carlo Angelino$1205$aGenova : Il melangolo$bcopyr. 1988$1210$a57 p.$a21 cm$1215$aTrad. di: Die Selbstbehauptung der deutschen Universitat$de di: Das Rektorat : 1933-34. 620 $dFRANKFURT AM MAIN 676 $a193 700 1$aHEIDEGGER,$bMartin$010351 801 0$aIT$bSA$c20111219 912 $a990005577090203316 950 0$aDipar.to di Filosofia - Salerno$dDFAA 193 HEISEL$e1172 FIL 951 $aAA 193 HEISEL$b1172 FIL 959 $aBK 969 $aFIL 979 $c20121027$lUSA01$h1525 979 $c20121027$lUSA01$h1614 996 $aSelbstbehauptung der deutschen Universität$939345 997 $aUNISA NUM $aSA0000520 LEADER 01044cam0 2200277 450 001 E600200064483 005 20110124115616.0 100 $a20100609d1966 |||||ita|0103 ba 101 $aita 102 $aIT 200 1 $a<>Manuale novellarum del van der Wal$econ alcune considerazioni sui rapporti fra Novelle e Digesto$eletture$fRoberto Bonini 210 $aModena$cMucchi$d1966 215 $a29 p.$d24 cm 300 $a(mm) 300 $aEstr. da: Archivio giuridico, v. 171, fasc. 1/2 (1966) 300 $aAltro esempl. in: Fondo Casavola Opusc. 751/b 700 1$aBonini$b, Roberto$3A600200032342$4070$0187717 801 0$aIT$bUNISOB$c20110124$gRICA 850 $aUNISOB 852 $aUNISOB$jFondo|Casavola|Opusc$m151146,151310 912 $aE600200064483 940 $aM 102 Monografia moderna SBN 941 $aM 957 $b751$gSi$d151146,151310$hCasavola$rdono$1menle$2UNISOB$3UNISOB$420100609073050.0$520110124115634.0$6menle$aFondo|Casavola|Opusc 996 $aManuale Novellarum del van der Wal$9775828 997 $aUNISOB LEADER 01285nam 2200301la 450 001 9910481495603321 005 20230503102709.0 035 $a(UK-CbPIL)2090358739 035 $a(CKB)5500000000105560 035 $a(EXLCZ)995500000000105560 100 $a20230503d1534 uy | 101 0 $alat 135 $aurcn#|||a|bb| 200 10$aIsocrates nuper accurate recognitus, et auctus. Isokrates. Isocrates. Alkidamas. Alcidamas. Gorgias. Gorgias. Aristeides. Aristides. Arpokration. Harpocration 210 $aVenice $cAldo Eredi di Manuzio, 1449 or 50-1515 & Torresanus, Andreas, de Asula, 1451-1529$d1534 215 $aOnline resource (115, [1] c., fol.) 300 $aReproduction of original in Biblioteca Nazionale Centrale di Firenze. 700 $aAristides$b Aelius$0932701 701 $aGorgias$b of Leontini$0932702 701 $aHarpocration$b Valerius$0932703 701 $aAlcidamas$f 4th century B.C..$0932704 701 $aManuzio$b Aldo$f1449 or 1450-1515.$0743643 801 0$bUk-CbPIL 801 1$bUk-CbPIL 906 $aBOOK 912 $a9910481495603321 996 $aIsocrates nuper accurate recognitus, et auctus. Isokrates. Isocrates. Alkidamas. Alcidamas. Gorgias. Gorgias. Aristeides. Aristides. Arpokration. Harpocration$92099078 997 $aUNINA